Digital manipulation (Record no. 73964)

MARC details
000 -LEADER
fixed length control field 01821cam a2200253 4500
001 - CONTROL NUMBER
control field ABS67370
008 - FIXED-LENGTH DATA ELEMENTS--GENERAL INFORMATION
fixed length control field 031216n2003 000 0 eng u
035 ## - SYSTEM CONTROL NUMBER
System control number (Sirsi) u124630
100 ## - MAIN ENTRY--PERSONAL NAME
Personal name Partridge, C.
245 ## - TITLE STATEMENT
Title Digital manipulation
260 ## - PUBLICATION, DISTRIBUTION, ETC.
Date of publication, distribution, etc. 2003
490 ## - SERIES STATEMENT
Series statement Estates Gazette
Volume/sequential designation (0349) 6 December 2003, 114-116(3)
520 ## - SUMMARY, ETC.
Summary, etc. Describes the National Land Property Gazetteer (NPLG) and Local Land Property Gazetteer (LLPG) projects which are part of the Prime Minister's implementation of the electronic government initiative which aims to enable individuals to communicate electronically with both central and local government by April 2005. A key feature of NLPG and LLPG is that every property in England and Wales will be allocated its own Unique Property Reference Number (UPRG). The NPLG links existing databases held by local authorities including the electoral register, planning, building control and local land charges with records of other agencies including Land Registry, Ordnance Survey and Royal Mail. The Valuation Office Agency (VOA) is piloting a scheme known as ValueBill which aims to join up local authority records and those held by the VOA using the NPLG as a framework of reference for property matters. Lists 10 local authorities taking part in the ValueBill pilot study. The planning portal and the National Land Information Service are also linked into the NPLG. Assess the impact of the NPLG and LLPG on the property market and on the way chartered surveyor conduct property transactions
590 ## - LOCAL NOTE (RLIN)
Local note ABS
650 ## - SUBJECT ADDED ENTRY--TOPICAL TERM
Topical term or geographic name entry element E-COMMERCE
650 ## - SUBJECT ADDED ENTRY--TOPICAL TERM
Topical term or geographic name entry element NATIONAL LAND PROPERTY GAZETEER
650 ## - SUBJECT ADDED ENTRY--TOPICAL TERM
Topical term or geographic name entry element UNIQUE PROPERTY REFERENCE NUMBER
650 ## - SUBJECT ADDED ENTRY--TOPICAL TERM
Topical term or geographic name entry element ECONVEYANCING
650 ## - SUBJECT ADDED ENTRY--TOPICAL TERM
Topical term or geographic name entry element VALUEBILL
650 ## - SUBJECT ADDED ENTRY--TOPICAL TERM
Topical term or geographic name entry element PILOT STUDY
690 ## - LOCAL SUBJECT ADDED ENTRY--TOPICAL TERM (OCLC, RLIN)
Topical term or geographic name as entry element PROPERTY
700 ## - ADDED ENTRY--PERSONAL NAME
Personal name Tinworth, A.
942 ## - ADDED ENTRY ELEMENTS (KOHA)
Suppress in OPAC 0
Holdings
Withdrawn status Lost status Source of classification or shelving scheme Damaged status Not for loan Home library Current library Shelving location Date acquired Total Checkouts Full call number Barcode Date last seen Copy number Price effective from Koha item type
    Dewey Decimal Classification     London London Journal article 16/12/2003   ABS67370 124630-1001 06/08/2019 1 06/08/2019 Journal article